[Event "Leipzig VfB op 20th"]
[Site "Leipzig"]
[Date "2013.03.07"]
[Round "4"]
[White "Peschke, Uwe"]
[Black "Onhor, Bold"]
[Result "1/2-1/2"]
[WhiteElo "2053"]
[BlackElo "1913"]
[PlyCount "84"]
[EventDate "2013.03.05"]
[EventType "swiss"]
[EventRounds "9"]
[EventCountry "GER"]
[SourceTitle "EXT 2014"]
[Source "ChessBase"]
[SourceDate "2013.11.20"]
[SourceVersion "1"]
[SourceVersionDate "2013.11.20"]
[SourceQuality "1"]

1. Nf3 Nf6 2. g3 c5 3. Bg2 Nc6 4. c4 d6 5. d4 cxd4 6. Nxd4 Bd7 7. Nc3 Rc8 8. 0-0 Qb6 9. Nc2 e6 10. b3 a6 11. Bg5 Ng4 12. h3 h6 13. Bf4 Nge5 14. Be3 Qc7 15. Qd2 Be7 16. Rfd1 0-0 17. Ne4 d5 18. cxd5 exd5 19. Nc5 d4 20. Nxd7 dxe3 21. Nxe3 Rfd8 22. Nd5 Qxd7 23. f4 Bc5+ 24. Kh2 Ng4+ 25. hxg4 Qxg4 26. e4 Nd4 27. Qc3 Qh5+ 28. Bh3 Ne6 29. Qd3 Ba3 30. Rd2 Kf8 31. Kg2 Rd6 32. Qf3 Qxf3+ 33. Kxf3 Rc5 34. Bf1 Bc1 35. Rd1 Bb2 36. Rab1 Rc2 37. Bd3 Rh2 38. Rh1 Nd4+ 39. Ke3 Nc2+ 40. Kf3 Nd4+ 41. Ke3 Nc2+ 42. Kf3 Nd4+ 1/2-1/2

[Event "Leipzig VfB op 19th"]
[Site "Leipzig"]
[Date "2012.03.11"]
[Round "9"]
[White "Onhor, Bold"]
[Black "Kuersten, Susanne"]
[Result "0-1"]
[WhiteElo "1917"]
[BlackElo "1776"]
[PlyCount "78"]
[EventDate "2012.03.06"]
[EventType "swiss"]
[EventRounds "9"]
[EventCountry "GER"]
[SourceTitle "CBM 147 Extra"]
[Source "ChessBase"]
[SourceDate "2012.04.24"]
[SourceVersion "1"]
[SourceVersionDate "2012.04.24"]
[SourceQuality "1"]

1. Nf3 d5 2. g3 e6 3. d4 Nf6 4. Bg2 Be7 5. Bg5 0-0 6. 0-0 Nbd7 7. e3 b6 8. Nbd2 Bb7 9. c4 c5 10. Qb3 Rc8 11. Rfc1 h6 12. Bxf6 Nxf6 13. a4 Ba8 14. Ne5 cxd4 15. exd4 dxc4 16. Rxc4 Bxg2 17. Rxc8 Qxc8 18. Kxg2 Qb7+ 19. f3 Rc8 20. Kf2 Nd5 21. Nd3 Bf6 22. Ne5 Qc7 23. f4 Be7 24. Ke2 Nb4 25. Nd3 Nc2 26. Rc1 Nxd4+ 27. Kd1 Nxb3 28. Rxc7 Rxc7 29. Nxb3 Rd7 30. Ke2 Bf6 31. Ke3 Rc7 32. Kd2 Kf8 33. Na1 g5 34. Nc2 gxf4 35. gxf4 a5 36. Ne3 Ke7 37. Ke2 Rc8 38. Kf3 Rd8 39. Ke4 Rd4+ 0-1

[Event "Leipzig VfB op 19th"]
[Site "Leipzig"]
[Date "2012.03.08"]
[Round "5"]
[White "Onhor, Bold"]
[Black "Schmidt, Simon"]
[Result "0-1"]
[WhiteElo "1917"]
[BlackElo "1410"]
[PlyCount "170"]
[EventDate "2012.03.06"]
[EventType "swiss"]
[EventRounds "9"]
[EventCountry "GER"]
[SourceTitle "CBM 147 Extra"]
[Source "ChessBase"]
[SourceDate "2012.04.24"]
[SourceVersion "1"]
[SourceVersionDate "2012.04.24"]
[SourceQuality "1"]

1. Nf3 e6 2. c4 d5 3. e3 Nf6 4. Nc3 g6 5. d4 Bg7 6. Bd3 Nbd7 7. 0-0 0-0 8. Qc2 Re8 9. e4 dxe4 10. Nxe4 Nxe4 11. Bxe4 c6 12. Be3 Qc7 13. Qd2 Nf6 14. Bd3 Ng4 15. Bf4 e5 16. Bg3 f5 17. Nxe5 Nxe5 18. dxe5 Bxe5 19. Rae1 Bd7 20. Rxe5 Rxe5 21. c5 Rd8 22. Bc4+ Be6 23. Bxe6+ Rxe6 24. Qc1 Qd7 25. Bd6 Rde8 26. Qc4 Qf7 27. Qc3 h6 28. Bf4 Kh7 29. Qa5 a6 30. Bd2 Re2 31. Bc3 Qd7 32. Qa4 R2e4 33. Qb3 Qc7 34. h3 R8e7 35. Rd1 Rd7 36. Rf1 Rd5 37. Qa3 Qd7 38. f3 Re2 39. Qb4 Rd1 40. Rxd1 Qxd1+ 41. Kh2 Qd7 42. Qc4 Re8 43. Qf1 Qd5 44. Qf2 f4 45. h4 Qd8 46. a3 Re6 47. Kh3 Qd7 48. Kh2 Qd3 49. Kh3 g5 50. Kh2 Re2 51. Qd4 Qxd4 52. Bxd4 Kg6 53. Kh3 Kf5 54. Bg7 h5 55. hxg5 Kxg5 56. Bc3 Kf5 57. Kh2 Ke6 58. Bg7 Kf5 59. Kh3 Rc2 60. Bc3 Rc1 61. Kh2 Rc2 62. Kh3 Rc1 63. Kh2 Rd1 64. Bg7 Kg5 65. Bc3 Rd5 66. Bb4 a5 67. Bxa5 Rxc5 68. Bc3 b5 69. Kg1 Rd5 70. Kf2 h4 71. Ke2 Rd7 72. Bb4 Rh7 73. Kd3 Kf5 74. Kd4 h3 75. gxh3 Rxh3 76. Kc5 Rh6 77. Bd2 Re6 78. Bc3 Kg5 79. Bd2 Re2 80. Bc3 Re3 81. Kxc6 Rxf3 82. Bd4 Rb3 83. Kd5 Kg4 84. Ke4 Kg3 85. Be5 Re3+ 0-1

[Event "Leipzig VfB op 19th"]
[Site "Leipzig"]
[Date "2012.03.07"]
[Round "3"]
[White "Onhor, Bold"]
[Black "Kunz, Konstantin"]
[Result "0-1"]
[WhiteElo "1917"]
[BlackElo "2270"]
[PlyCount "120"]
[EventDate "2012.03.06"]
[EventType "swiss"]
[EventRounds "9"]
[EventCountry "GER"]
[SourceTitle "CBM 147 Extra"]
[Source "ChessBase"]
[SourceDate "2012.04.24"]
[SourceVersion "1"]
[SourceVersionDate "2012.04.24"]
[SourceQuality "1"]

1. Nf3 c5 2. e3 Nf6 3. c4 e6 4. Nc3 b6 5. d4 Bb7 6. d5 d6 7. e4 exd5 8. exd5 Be7 9. Bd3 0-0 10. 0-0 Nbd7 11. Bf4 a6 12. a4 Re8 13. Qc2 Qc7 14. Rae1 Nf8 15. Bc1 Bc8 16. Ng5 Bd7 17. Ne2 g6 18. f4 h6 19. Nf3 N6h7 20. Ng3 f5 21. h4 h5 22. Ng5 Bf6 23. Re2 Rxe2 24. Nxe2 Re8 25. Nc3 Bg7 26. Be2 Qd8 27. Bf3 Qf6 28. Rd1 Qd8 29. Kf1 Nxg5 30. hxg5 Qb8 31. Qd3 Re7 32. Re1 Rxe1+ 33. Kxe1 Bxa4 34. Kf2 Bd7 35. Kg3 b5 36. cxb5 axb5 37. Ne2 Qa7 38. Qe3 Kf7 39. b4 Qc7 40. bxc5 Qxc5 41. Qd2 Bc8 42. Bb2 Bxb2 43. Qxb2 Bb7 44. Nd4 Bxd5 45. Bxh5 b4 46. Bf3 Bxf3 47. Kxf3 Qc3+ 48. Qxc3 bxc3 49. Ke3 Ne6 50. Ne2 d5 51. g3 d4+ 52. Kd3 Ke7 53. Ng1 Kd6 54. Nf3 Kd5 55. Ne5 Nc5+ 56. Kc2 Ke4 57. Nxg6 Nd3 58. Ne7 Nb4+ 59. Kc1 d3 60. g6 d2+ 0-1

[Event "Leipzig VfB op 18th"]
[Site "Leipzig"]
[Date "2011.03.22"]
[Round "1"]
[White "Graf, Alexander"]
[Black "Onhor, Bold"]
[Result "1-0"]
[WhiteElo "2621"]
[BlackElo "1915"]
[PlyCount "53"]
[EventDate "2011.03.20"]
[EventType "swiss"]
[EventRounds "9"]
[EventCountry "GER"]
[SourceTitle "CBM 141 Extra"]
[Source "ChessBase"]
[SourceDate "2011.05.03"]
[SourceVersion "1"]
[SourceVersionDate "2011.05.03"]
[SourceQuality "1"]

1. d4 Nf6 2. c4 e6 3. Nc3 d5 4. Bg5 c6 5. e3 h6 6. Bh4 Nbd7 7. Nf3 Bb4 8. Bd3 0-0 9. 0-0 b6 10. cxd5 exd5 11. Ne5 Qc7 12. Nxd7 Nxd7 13. Rc1 Qd6 14. Ne2 c5 15. a3 Ba5 16. e4 c4 17. Bb1 Re8 18. e5 Qf8 19. Nf4 g5 20. Qc2 f5 21. Nxd5 gxh4 22. Qxc4 b5 23. Qc6 Rb8 24. Qg6+ Kh8 25. Bxf5 Re7 26. Nxe7 Qxe7 27. Qxh6+ 1-0

[Event "Leipzig VfB op 16th"]
[Site "Leipzig"]
[Date "2009.04.02"]
[Round "5"]
[White "Doberitz, Paul"]
[Black "Onhor, Bold"]
[Result "1-0"]
[WhiteElo "2104"]
[BlackElo "1980"]
[PlyCount "79"]
[EventDate "2009.03.31"]
[EventType "swiss"]
[EventRounds "9"]
[EventCountry "GER"]
[SourceTitle "EXT 2010"]
[Source "ChessBase"]
[SourceDate "2010.11.25"]
[SourceVersion "1"]
[SourceVersionDate "2010.11.25"]
[SourceQuality "1"]

1. e4 c5 2. Nf3 d6 3. d4 cxd4 4. Nxd4 Nf6 5. Nc3 a6 6. Be3 Ng4 7. Bc1 h6 8. f3 Nf6 9. Be3 b5 10. Qd2 e6 11. 0-0-0 Nbd7 12. g4 Qc7 13. h4 Nc5 14. Bh3 Nfd7 15. g5 hxg5 16. hxg5 Ne5 17. f4 Nc4 18. Qe2 Nxe3 19. Qxe3 b4 20. Nce2 Bb7 21. g6 f5 22. exf5 Bxh1 23. Nxe6 Nxe6 24. Rxh1 0-0-0 25. fxe6 Be7 26. Rd1 Qc5 27. Qd3 Kc7 28. Bg2 Rh2 29. Bd5 a5 30. Nd4 Rdh8 31. Qa6 Rb8 32. Qc6+ Qxc6 33. Nxc6 Re8 34. Nxe7 Rxe7 35. f5 Re8 36. f6 gxf6 37. g7 Rh5 38. e7 Rxd5 39. Rxd5 Rg8 40. Rh5 1-0

[Event "Leipzig VfB op 16th"]
[Site "Leipzig"]
[Date "2009.03.31"]
[Round "1"]
[White "Alvermann, Christian"]
[Black "Onhor, Bold"]
[Result "0-1"]
[WhiteElo "1381"]
[BlackElo "1980"]
[PlyCount "90"]
[EventDate "2009.03.31"]
[EventType "swiss"]
[EventRounds "9"]
[EventCountry "GER"]
[SourceTitle "EXT 2010"]
[Source "ChessBase"]
[SourceDate "2010.11.25"]
[SourceVersion "1"]
[SourceVersionDate "2010.11.25"]
[SourceQuality "1"]

1. e4 c5 2. Nf3 d6 3. d4 cxd4 4. Nxd4 Nf6 5. Nc3 a6 6. Be2 b5 7. a3 Nbd7 8. Bf3 Bb7 9. 0-0 e6 10. Re1 Be7 11. g3 Ne5 12. Bg2 Nc4 13. Bf1 Qc7 14. f3 0-0 15. Bxc4 Qxc4 16. Be3 Rad8 17. Qd3 Qc7 18. Bf2 Nd7 19. Rab1 Ne5 20. Qe3 Nc4 21. Qd3 Rc8 22. Re2 Nxb2 23. Rxb2 Qxc3 24. Rb3 Qc7 25. Rd2 d5 26. e5 Qxe5 27. f4 Qf6 28. Nf3 Bc5 29. Bxc5 Rxc5 30. Qd4 Qe7 31. Qb4 Qc7 32. Rdd3 Rxc2 33. Rbc3 Qb6+ 34. Nd4 Rxc3 35. Rxc3 f6 36. Kf1 e5 37. Ne2 d4 38. Qb3+ Kh8 39. Qb4 Re8 40. Rc1 d3 41. Ng1 h6 42. Rd1 e4 43. Qb3 Qd4 44. Qf7 Bc6 45. Qc7 Qc4 0-1

[Event "Leipzig VfB op 15th"]
[Site "Leipzig"]
[Date "2008.03.02"]
[Round "9"]
[White "Onhor, Bold"]
[Black "Dobierzin, Olaf"]
[Result "0-1"]
[WhiteElo "1995"]
[BlackElo "2143"]
[PlyCount "100"]
[EventDate "2008.02.26"]
[EventType "swiss"]
[EventRounds "9"]
[EventCountry "GER"]
[SourceTitle "CBM 123 Extra"]
[Source "ChessBase"]
[SourceDate "2008.05.06"]
[SourceVersion "1"]
[SourceVersionDate "2008.05.06"]
[SourceQuality "1"]

1. Nf3 d6 2. d4 Nf6 3. Bg5 Nbd7 4. Nbd2 g6 5. e3 Bg7 6. Bc4 0-0 7. 0-0 c6 8. Bb3 Qc7 9. e4 e5 10. c3 Re8 11. Qc2 Nf8 12. Rae1 Be6 13. Nc4 Nxe4 14. Qxe4 d5 15. Qe2 dxc4 16. Bxc4 exd4 17. Nxd4 Bxc4 18. Qxc4 Qa5 19. Be7 Nd7 20. f4 Nb6 21. Qb3 Qd5 22. Qxd5 Nxd5 23. Bd6 Ne3 24. Rf2 Nc4 25. Be7 Bxd4 26. cxd4 f5 27. Rfe2 Kf7 28. h4 Rac8 29. h5 Rc7 30. Bh4 Rxe2 31. Rxe2 Nd6 32. Kf2 Rd7 33. Ke3 Ne4 34. Rc2 Ke6 35. h6 Kd5 36. Rc1 b6 37. Rd1 Nd6 38. Kd3 Nf7 39. Bg5 Nxg5 40. fxg5 Re7 41. Rd2 Re4 42. Kc3 Rg4 43. Re2 Rxg5 44. Re7 Rg3+ 45. Kc2 Rxg2+ 46. Kc3 Rg3+ 47. Kc2 Kxd4 48. Rxh7 Rh3 49. Rd7+ Ke5 50. h7 a5 0-1

[Event "Leipzig VfB op 15th"]
[Site "Leipzig"]
[Date "2008.02.28"]
[Round "4"]
[White "Zuther, Torsten"]
[Black "Onhor, Bold"]
[Result "1-0"]
[WhiteElo "2118"]
[BlackElo "1995"]
[PlyCount "75"]
[EventDate "2008.02.26"]
[EventType "swiss"]
[EventRounds "9"]
[EventCountry "GER"]
[SourceTitle "CBM 123 Extra"]
[Source "ChessBase"]
[SourceDate "2008.05.06"]
[SourceVersion "1"]
[SourceVersionDate "2008.05.06"]
[SourceQuality "1"]

1. e4 c5 2. Nf3 d6 3. Bb5+ Bd7 4. Bxd7+ Qxd7 5. 0-0 Nc6 6. Qe2 Nf6 7. Rd1 Qg4 8. Nc3 Nd4 9. Nxd4 cxd4 10. Qxg4 Nxg4 11. Nb5 Rc8 12. Nxd4 e6 13. c3 Be7 14. d3 Kd7 15. f3 Ne5 16. Be3 h6 17. Rac1 Rhd8 18. h3 Bh4 19. f4 Nc6 20. Ne2 b6 21. g3 Be7 22. Kg2 Ke8 23. Kf3 Rd7 24. Nd4 Nxd4+ 25. Bxd4 f6 26. Be3 e5 27. fxe5 fxe5 28. Re1 Kf7 29. d4 Kg6 30. dxe5 dxe5 31. Rcd1 Rcd8 32. Ke2 Bc5 33. Bxc5 bxc5 34. Rxd7 Rxd7 35. Rd1 Rxd1 36. Kxd1 Kf6 37. Kd2 h5 38. h4 1-0

[Event "Leipzig VfB op 15th"]
[Site "Leipzig"]
[Date "2008.02.27"]
[Round "2"]
[White "Rohne, Lars"]
[Black "Onhor, Bold"]
[Result "1-0"]
[WhiteElo "2131"]
[BlackElo "1995"]
[PlyCount "81"]
[EventDate "2008.02.26"]
[EventType "swiss"]
[EventRounds "9"]
[EventCountry "GER"]
[SourceTitle "CBM 123 Extra"]
[Source "ChessBase"]
[SourceDate "2008.05.06"]
[SourceVersion "1"]
[SourceVersionDate "2008.05.06"]
[SourceQuality "1"]

1. e4 c5 2. Nf3 d6 3. d3 Nc6 4. g3 Bg4 5. h3 Bh5 6. g4 Bg6 7. c3 Nf6 8. Bg2 e6 9. Bg5 h6 10. Bxf6 Qxf6 11. Qe2 0-0-0 12. Na3 Qf4 13. Qd2 Qxd2+ 14. Nxd2 d5 15. f4 Be7 16. 0-0-0 f5 17. gxf5 exf5 18. exd5 Nb8 19. c4 Bh4 20. Kc2 Rhe8 21. Nb5 Re3 22. Nxa7+ Kd7 23. Bf3 Bf7 24. Nb5 Rde8 25. d4 b6 26. dxc5 bxc5 27. b4 Na6 28. bxc5 Nxc5 29. Rb1 g6 30. Nb3 Nd3 31. N3d4 Ne1+ 32. Rbxe1 Bxe1 33. c5 Ra8 34. a3 Ra4 35. c6+ Ke8 36. Be2 Bxd5 37. Rxe1 Kd8 38. Rg1 Bf7 39. Rd1 Ke7 40. c7 Ra8 41. Nc6+ 1-0

[Event "Leipzig VfB op 15th"]
[Site "Leipzig"]
[Date "2008.02.26"]
[Round "1"]
[White "Onhor, Bold"]
[Black "Jahn, Jens"]
[Result "1-0"]
[WhiteElo "1995"]
[BlackElo "1462"]
[PlyCount "61"]
[EventDate "2008.02.26"]
[EventType "swiss"]
[EventRounds "9"]
[EventCountry "GER"]
[SourceTitle "CBM 123 Extra"]
[Source "ChessBase"]
[SourceDate "2008.05.06"]
[SourceVersion "1"]
[SourceVersionDate "2008.05.06"]
[SourceQuality "1"]

1. Nf3 d5 2. d4 Bf5 3. c4 Nf6 4. Nc3 e6 5. e3 Be7 6. b3 h6 7. Bb2 0-0 8. Bd3 Bxd3 9. Qxd3 Nbd7 10. 0-0 c5 11. Rfd1 Rc8 12. Rac1 Nb6 13. cxd5 Nfxd5 14. Ne4 cxd4 15. Qxd4 Bf6 16. Nxf6+ Qxf6 17. Qd2 Qe7 18. Qa5 Rfd8 19. a3 Rxc1 20. Rxc1 Qd7 21. h3 Rc8 22. Rxc8+ Nxc8 23. e4 Nf4 24. Kh2 b6 25. Qe5 Nh5 26. Qxh5 Qd6+ 27. g3 Qd3 28. Qg4 g6 29. Qf4 Qe2 30. Bd4 Qd3 31. Qxh6 1-0

[Event "Leipzig VfB op 13th"]
[Site "Leipzig"]
[Date "2006.03.15"]
[Round "2"]
[White "Gahn, Juliane"]
[Black "Onhor, Bold"]
[Result "1/2-1/2"]
[WhiteElo "1640"]
[BlackElo "2008"]
[PlyCount "105"]
[EventDate "2006.03.14"]
[EventType "swiss"]
[EventRounds "9"]
[EventCountry "GER"]
[SourceTitle "EXT 2008"]
[Source "ChessBase"]
[SourceDate "2007.11.25"]
[SourceVersion "1"]
[SourceVersionDate "2007.11.25"]
[SourceQuality "1"]

1. d4 d5 2. Nf3 c6 3. e3 Nf6 4. Bd3 Bg4 5. Nbd2 e6 6. h3 Bh5 7. c3 Nbd7 8. Qc2 Bd6 9. 0-0 Rc8 10. e4 dxe4 11. Bxe4 Nxe4 12. Nxe4 Be7 13. Bf4 Bxf3 14. gxf3 0-0 15. Kh2 Qa5 16. Rg1 Qf5 17. Qd2 Kh8 18. Rg3 Rg8 19. Rag1 f6 20. Bd6 Bd8 21. Bf4 Be7 22. Bd6 Bd8 23. Bf4 Be7 24. Bd6 Bf8 25. Qh6 g5 26. Bxf8 Rcxf8 27. h4 Rg6 28. Qh5 gxh4 29. Qxh4 Kg7 30. Rh3 Rxg1 31. Kxg1 Kh8 32. Kh2 e5 33. Qg4 Qxg4 34. fxg4 exd4 35. cxd4 Kg7 36. Nc5 Nxc5 37. dxc5 b6 38. cxb6 axb6 39. Rc3 Rc8 40. a4 Kg6 41. Kg3 f5 42. f3 Kf6 43. Rd3 fxg4 44. fxg4 Ke6 45. Kh4 c5 46. Rb3 Rc6 47. g5 Kf5 48. Rf3+ Kg6 49. Rc3 Rd6 50. a5 bxa5 51. Rxc5 Rd4+ 52. Kg3 a4 53. Rb5 1/2-1/2

[Event "Leipzig VfB op 12th"]
[Site "Leipzig"]
[Date "2005.03.06"]
[Round "9"]
[White "Onhor, Bold"]
[Black "Otto, Andreas"]
[Result "0-1"]
[WhiteElo "2031"]
[BlackElo "2120"]
[PlyCount "108"]
[EventDate "2005.01.03"]
[EventType "swiss"]
[EventRounds "9"]
[EventCountry "GER"]
[SourceTitle "EXT 2008"]
[Source "ChessBase"]
[SourceDate "2007.11.25"]
[SourceVersion "1"]
[SourceVersionDate "2007.11.25"]
[SourceQuality "1"]

1. Nf3 Nf6 2. c4 g6 3. Nc3 d5 4. cxd5 Nxd5 5. g3 Bg7 6. Bg2 0-0 7. 0-0 Nb6 8. d3 Nc6 9. Bg5 h6 10. Bd2 e5 11. Rc1 Nd4 12. Ne4 Nd5 13. Nc5 b6 14. Nb3 c5 15. Bc3 Bb7 16. Nfd2 Qd7 17. Nc4 Kh8 18. Bd2 f5 19. Ne3 Nxe3 20. fxe3 Bxg2 21. Kxg2 Qd5+ 22. Kg1 Ne6 23. Rf2 Rad8 24. Rc2 e4 25. Nc1 h5 26. b4 Ng5 27. Qf1 cxb4 28. Bxb4 Rfe8 29. d4 Rc8 30. Rxc8 Rxc8 31. h4 Ne6 32. Qd1 Bh6 33. Qd2 Qc4 34. Rf1 Nxd4 35. Qxd4+ Qxd4 36. exd4 Bxc1 37. Kf2 Kg8 38. Rd1 Kf7 39. Bd2 Bb2 40. Bg5 Rc4 41. Ke3 Rc1 42. Rxc1 Bxc1+ 43. Kf2 Bb2 44. e3 Ke6 45. Ke2 Ba3 46. Kd2 b5 47. Kc2 Bb4 48. Kb3 Be1 49. Bf4 Kd5 50. Bc7 Bd2 51. Bf4 Ba5 52. Bb8 a6 53. Bf4 Bd8 54. Bb8 g5 0-1

[Event "Leipzig VfB op 12th"]
[Site "Leipzig"]
[Date "2005.03.05"]
[Round "8"]
[White "Gahn, Juliane"]
[Black "Onhor, Bold"]
[Result "0-1"]
[WhiteElo "1556"]
[BlackElo "2031"]
[PlyCount "140"]
[EventDate "2005.01.03"]
[EventType "swiss"]
[EventRounds "9"]
[EventCountry "GER"]
[SourceTitle "EXT 2008"]
[Source "ChessBase"]
[SourceDate "2007.11.25"]
[SourceVersion "1"]
[SourceVersionDate "2007.11.25"]
[SourceQuality "1"]

1. e4 c5 2. Nf3 d6 3. d4 cxd4 4. Nxd4 Nf6 5. Nc3 a6 6. Be2 e6 7. Be3 Qc7 8. 0-0 b5 9. a3 Bb7 10. Bf3 Nbd7 11. Nb3 Nc5 12. Nxc5 dxc5 13. Bg5 Be7 14. Qe2 0-0 15. Rfe1 Rad8 16. e5 Bxf3 17. Qxf3 Nd5 18. Nxd5 Rxd5 19. Bxe7 Qxe7 20. Rad1 Rfd8 21. h3 Qd7 22. Rxd5 Qxd5 23. Qe2 h6 24. Qe3 Kf8 25. Kf1 Ke8 26. Rc1 Qc4+ 27. Ke1 Rd4 28. b3 Qd5 29. f3 Kd7 30. Ke2 c4 31. c3 Rd3 32. Qa7+ Ke8 33. Qb8+ Qd8 34. Qxd8+ Kxd8 35. bxc4 bxc4 36. Rd1 Rxd1 37. Kxd1 Kc7 38. Ke2 Kc6 39. Ke3 Kd5 40. f4 Kc5 41. g4 Kb5 42. Kd4 Ka4 43. Kxc4 Kxa3 44. f5 a5 45. fxe6 fxe6 46. Kb5 a4 47. c4 Kb3 48. c5 a3 49. c6 a2 50. c7 a1Q 51. c8Q Qxe5+ 52. Qc5 Qe2+ 53. Kb6 e5 54. Qd5+ Kc2 55. Qa2+ Kd3 56. Qb3+ Kd2 57. Qd5+ Ke1 58. Qh1+ Kf2 59. Qh2+ Kf3 60. Qh1+ Kg3 61. Kc5 e4 62. Kd4 Qf3 63. Qg1+ Kxh3 64. g5 h5 65. Qc1 e3 66. Qc3 Kg3 67. Qe1+ Qf2 68. Qc3 h4 69. Ke4 h3 70. Qe5+ Kg2 0-1

[Event "Leipzig VfB op 12th"]
[Site "Leipzig"]
[Date "2005.03.02"]
[Round "2"]
[White "Schultz, Andreas"]
[Black "Onhor, Bold"]
[Result "1-0"]
[WhiteElo "2200"]
[BlackElo "2031"]
[PlyCount "89"]
[EventDate "2005.01.03"]
[EventType "swiss"]
[EventRounds "9"]
[EventCountry "GER"]
[SourceTitle "EXT 2008"]
[Source "ChessBase"]
[SourceDate "2007.11.25"]
[SourceVersion "1"]
[SourceVersionDate "2007.11.25"]
[SourceQuality "1"]

1. d4 d5 2. c4 dxc4 3. e3 Nf6 4. Bxc4 Nbd7 5. Nf3 c5 6. dxc5 Qc7 7. 0-0 e6 8. Nbd2 Bxc5 9. b3 Nb6 10. Bb2 Bd7 11. Rc1 Qd6 12. Qe2 Ba3 13. Be5 Qe7 14. Rcd1 0-0 15. Bd3 Nbd5 16. Nc4 Bb4 17. Bc2 b5 18. Bxf6 Qxf6 19. Nce5 Be8 20. Qd3 g6 21. e4 Nf4 22. Qe3 Rc8 23. Bb1 Rc3 24. Qxa7 Bc5 25. Qa5 b4 26. Nd3 Nxd3 27. Rxd3 Rxd3 28. Bxd3 Qc3 29. Bc4 Be7 30. Qc7 Bf6 31. e5 Bg7 32. Qd6 g5 33. h3 h5 34. Nxg5 Bxe5 35. Qd1 Kg7 36. Qxh5 Bc6 37. Qg4 Kh6 38. Ne4 Qd4 39. Qg5+ Kh7 40. Qh5+ Kg7 41. Qg5+ Kh7 42. Re1 Rg8 43. Qh5+ Kg7 44. Ng5 Qf4 45. Nxe6+ 1-0

[Event "Leipzig VfB op 12th"]
[Site "Leipzig"]
[Date "2005.03.01"]
[Round "1"]
[White "Onhor, Bold"]
[Black "Gahn, Cornelia"]
[Result "1-0"]
[WhiteElo "2031"]
[BlackElo "1393"]
[PlyCount "61"]
[EventDate "2005.01.03"]
[EventType "swiss"]
[EventRounds "9"]
[EventCountry "GER"]
[SourceTitle "EXT 2008"]
[Source "ChessBase"]
[SourceDate "2007.11.25"]
[SourceVersion "1"]
[SourceVersionDate "2007.11.25"]
[SourceQuality "1"]

1. Nf3 d5 2. c4 c6 3. g3 Nf6 4. Bg2 Bf5 5. d4 Nbd7 6. a4 e6 7. 0-0 Bd6 8. Nc3 0-0 9. b3 b6 10. Bb2 Qc7 11. Rc1 Bb4 12. cxd5 exd5 13. e3 Bxc3 14. Rxc3 Ne4 15. Rc1 Qd6 16. Nh4 Bg6 17. f3 Nef6 18. Bh3 Rfe8 19. Re1 Nf8 20. Nf5 Bxf5 21. Bxf5 Ne6 22. e4 dxe4 23. fxe4 Nd7 24. e5 Qc7 25. d5 Nd8 26. e6 fxe6 27. Qg4 Nc5 28. Qh5 Qf7 29. Bxh7+ Kf8 30. Rf1 Qxf1+ 31. Rxf1+ 1-0

[Event "Leipzig VfB op 11th"]
[Site "Leipzig"]
[Date "2004.03.20"]
[Round "8"]
[White "Onhor, Bold"]
[Black "Fuchs, Judith"]
[Result "1/2-1/2"]
[WhiteElo "1631"]
[BlackElo "1967"]
[PlyCount "72"]
[EventDate "2004.03.16"]
[EventType "swiss"]
[EventRounds "9"]
[EventCountry "GER"]
[SourceTitle "EXT 2007"]
[Source "ChessBase"]
[SourceDate "2006.11.23"]
[SourceVersion "1"]
[SourceVersionDate "2006.11.23"]
[SourceQuality "1"]

1. Nf3 Nf6 2. c4 e6 3. d4 d5 4. Nc3 Nbd7 5. cxd5 exd5 6. Bg5 Be7 7. e3 0-0 8. Bd3 b6 9. 0-0 Bb7 10. Rc1 a6 11. a3 c5 12. dxc5 Nxc5 13. Be2 Rc8 14. Nd4 Ne6 15. Nxe6 fxe6 16. Qb3 Nd7 17. Bf4 Nc5 18. Qd1 Bf6 19. b4 Nd7 20. Qb3 Qe7 21. Bf3 Ne5 22. Be2 Nc4 23. Rc2 Nd2 24. Rxd2 Rxc3 25. Qa2 Kh8 26. Rc2 Rxc2 27. Qxc2 Rc8 28. Qb1 e5 29. Bg3 Rc3 30. a4 d4 31. exd4 exd4 32. Bd3 g6 33. Re1 Qf7 34. b5 a5 35. h4 Rc8 36. Re2 Bd5 1/2-1/2

[Event "Leipzig VfB op 11th"]
[Site "Leipzig"]
[Date "2004.03.17"]
[Round "3"]
[White "Joehnk, Christian"]
[Black "Onhor, Bold"]
[Result "0-1"]
[WhiteElo "2042"]
[BlackElo "1631"]
[PlyCount "130"]
[EventDate "2004.03.16"]
[EventType "swiss"]
[EventRounds "9"]
[EventCountry "GER"]
[SourceTitle "EXT 2007"]
[Source "ChessBase"]
[SourceDate "2006.11.23"]
[SourceVersion "1"]
[SourceVersionDate "2006.11.23"]
[SourceQuality "1"]

1. d4 Nf6 2. Nf3 e6 3. Bg5 d5 4. Nbd2 Be7 5. e3 Nbd7 6. Bd3 0-0 7. c3 b6 8. Ne5 Nxe5 9. dxe5 Ne8 10. Bxe7 Qxe7 11. Qh5 f5 12. Nf3 c5 13. Ng5 h6 14. h4 Nc7 15. 0-0-0 Qe8 16. Qxe8 Rxe8 17. Nf3 a5 18. Rdg1 Bb7 19. Rh3 Rf8 20. g4 f4 21. g5 h5 22. Kd2 fxe3+ 23. Kxe3 d4+ 24. Ke2 Nd5 25. Rhg3 Nf4+ 26. Kd2 Nxd3 27. Kxd3 Bxf3 28. cxd4 cxd4 29. Kxd4 Bd5 30. Rf1 Rf4+ 31. Ke3 Raf8 32. Rc1 Rxh4 33. g6 Rc4 34. Rxc4 Bxc4 35. b3 Bd5 36. Rh3 a4 37. bxa4 Bxa2 38. Rxh5 Bd5 39. Rh4 Rf3+ 40. Ke2 Rc3 41. Rb4 Rb3 42. Rf4 Rb1 43. Ke3 Re1+ 44. Kd4 Rg1 45. Kc3 Rxg6 46. Kb4 Rg1 47. Kb5 Rb1+ 48. Ka6 Kh7 49. Rg4 Kh6 50. Ka7 g5 51. f4 gxf4 52. Rxf4 Kg5 53. Rf6 Rb4 54. Ka6 Rxa4+ 55. Kxb6 Re4 56. Rf8 Rxe5 57. Kc5 Rf5 58. Rg8+ Kf4 59. Kd4 Bf3 60. Re8 e5+ 61. Kd3 e4+ 62. Kd2 Rd5+ 63. Kc3 e3 64. Rf8+ Kg3 65. Kc4 Rd1 0-1

[Event "Leipzig VfB op 11th"]
[Site "Leipzig"]
[Date "2004.03.17"]
[Round "2"]
[White "Onhor, Bold"]
[Black "Meisel, Dirk"]
[Result "1-0"]
[WhiteElo "1631"]
[BlackElo "1855"]
[PlyCount "69"]
[EventDate "2004.03.16"]
[EventType "swiss"]
[EventRounds "9"]
[EventCountry "GER"]
[SourceTitle "EXT 2007"]
[Source "ChessBase"]
[SourceDate "2006.11.23"]
[SourceVersion "1"]
[SourceVersionDate "2006.11.23"]
[SourceQuality "1"]

1. Nf3 d5 2. c4 e6 3. g3 Nf6 4. Bg2 dxc4 5. 0-0 c6 6. a4 b6 7. Ne5 Qc7 8. Nxc4 Bb7 9. d4 Bd6 10. e4 Nfd7 11. Qg4 Rg8 12. Nc3 Ba6 13. b3 Bxc4 14. bxc4 e5 15. c5 bxc5 16. dxe5 Nxe5 17. Qe2 c4 18. Be3 Nbd7 19. f4 Nd3 20. e5 Bc5 21. Ne4 Bxe3+ 22. Qxe3 Qb6 23. Nd6+ Ke7 24. Nxc4 Qxe3+ 25. Nxe3 Nb4 26. Nf5+ Kf8 27. Rfd1 Nb6 28. Rd6 g6 29. Nd4 Nc4 30. Rd7 Ke8 31. Rc7 Rd8 32. Nxc6 Nxc6 33. Bxc6+ Kf8 34. Rxa7 Kg7 35. e6 1-0

[Event "Leipzig VfB op 11th"]
[Site "Leipzig"]
[Date "2004.03.16"]
[Round "1"]
[White "Schmidt, Joerg"]
[Black "Onhor, Bold"]
[Result "1-0"]
[WhiteElo "2109"]
[BlackElo "1631"]
[PlyCount "61"]
[EventDate "2004.03.16"]
[EventType "swiss"]
[EventRounds "9"]
[EventCountry "GER"]
[SourceTitle "EXT 2007"]
[Source "ChessBase"]
[SourceDate "2006.11.23"]
[SourceVersion "1"]
[SourceVersionDate "2006.11.23"]
[SourceQuality "1"]

1. e4 c5 2. Nf3 d6 3. Bb5+ Bd7 4. Bxd7+ Nxd7 5. d4 cxd4 6. Qxd4 Ngf6 7. c4 e6 8. 0-0 Be7 9. Nc3 0-0 10. Bg5 h6 11. Bh4 Nb8 12. Rad1 Nc6 13. Qd3 Ne5 14. Nxe5 dxe5 15. Bg3 Qa5 16. Nb5 Rad8 17. Qc3 Qxc3 18. Nxc3 Nd7 19. f3 Bb4 20. Nb5 a6 21. Nd6 Bc5+ 22. Bf2 Bxd6 23. Rxd6 Nb8 24. Rfd1 Nc6 25. Bb6 Rxd6 26. Rxd6 Re8 27. Kf2 Re7 28. a3 a5 29. b4 axb4 30. axb4 Kf8 31. b5 1-0